000
00286nam a2200097Ia 4500
001
654674
005
20250826154522.0
008
250824s9999 xx 000 0 und d
245
0
_a
Bilimsel Serüvenler Üç Boğaz Barajı nın İnşası
_c
L. Patricia Kite
260
_b
TÜBİTAK YAYINLARI
999
_c
654674
_d
654674